01187nam a2200253Ia 450000500170000000800410001702000180005810000190007624500480009525000180014330000480016152003340020965000530054365000510059665000360064765000370068365000410072026400380076133600270079933700330082633800280085904000350088708400110092220220317000456.0160315s2010 mx a g 000 1 spa  a97860740033761 aRueda, Claudia10aPumcTexto e ilustraciones de Claudia Rueda a1a. edición a26 páginasbilustraciones en colorc16 cm aPUM. PUM. PUM. PUM... ¿Qué es eso que se está acercando y que sólo deja como huellas las finas estampas de unos estrafalarios animales de la selva? Una nueva obra que demuestra el gran talento de la autora e ilustradora colombiana Claudia Rueda para narrar historias con un delicado equilibrio entre palabras e imágenes.142LEMBaÁlbumes infantiles colombianosySiglo XX142LEMBaLiteratura infantil colombianaySiglo XX142LEMBaAnimales en la literatura142LEMBaElefantes en la literatura142LEMBaLibros ilustrados para niños aMéxicobOceano Travesíac2010 atextobtxt2rdacontent asin mediaciónbn2rdamedia avolumenbnc2rdacarrier aCO-BoRNBPbspaerdacCO-BoRNBP aA RUE1